| 000 | 00523nam a22001937a 4500 | ||
|---|---|---|---|
| 003 | OSt | ||
| 005 | 20180116183056.0 | ||
| 008 | 160929b xxu||||| |||| 00| 0 eng d | ||
| 020 | _a1567261388 | ||
| 040 | _c0 | ||
| 082 | _a658.404 GOO 2001 | ||
| 100 | _aGoodpasture,John C. | ||
| 245 |
_aManaging Projects For Value _cJohn C.Goodpasture |
||
| 260 |
_aVienna,USA _bManagement Concepts _c2001 |
||
| 300 |
_a102p. _bHB.photo copy |
||
| 440 | _aManaging Projects For Value | ||
| 500 | _aHB, photo copy | ||
| 942 |
_2ddc _cBK |
||
| 999 |
_c351834 _d351834 |
||